000 00932nmm a2200289 a 4500
001 ocm000984801
003 TR-IsHL
005 20201028153736.0
008 150411s2011 tu tur
007 cr cn
020 _a9786053843245
035 _a984801
_b(N$T)
050 0 4 _aPS3617.U5635
_bH3819 2011
090 0 4 _aPS3617.U5635
_bH3819 2011
100 1 _aQuinn, Erin
245 1 0 _aHayalimdeki aşk
_h[electronic resource] /
_cErin Quinn ; çeviren Merve Duygun
260 _aİstanbul :
_bYakamoz Kitap,
_c2011
300 _a445 p.
500 _aOrijinal Adı: Haunting Beauty
_x
650 4 _aDil ve Edebiyat
650 4 _aLanguage and Literature
650 0 _aAmerikan romanı
650 0 _aAmerican fiction
650 7 _aLITERARY COLLECTIONS / American / General
_2bisacsh
700 1 _aDuygun, Merve
856 4 0 _uhttp://search.ebscohost.com/login.aspx?direct=true&scope=site&db=e011xww&AN=984801
999 _c12209
_d12209